[Event "45th Olympiad 2024"]
[Site "Budapest HUN"]
[Date "2024.09.22"]
[Round "11.9"]
[Board "4"]
[White "Mamedyarov, Shakhriyar"]
[Black "Di Berardino, Diego Rafael"]
[Result "1-0"]
[WhiteElo "2733"]
[BlackElo "2472"]
[PlyCount "69"]
[EventDate "2024.09.11"]
[WhiteTeam "Azerbaijan"]
[BlackTeam "Brazil"]
[WhiteTeamCountry "AZE"]
[BlackTeamCountry "BRA"]

1. d4 Nf6 2. c4 g6 3. g3 c6 4. Bg2 d5 5. Nf3 Bg7 6. O-O O-O 7. Nc3 dxc4 8. e4 a5 ({RR} 8... Be6 9. Ng5 Bg4 10. f3 Bc8 11. Be3 Nbd7 12. Qe2 b5 13. f4 Bb7 14. Rad1 Qa5 15. d5 cxd5 16. exd5 Rfe8 17. Bd4 Rad8 18. Qf2 Nb6 19. h3 h6 20. Nge4 Nbxd5 21. Nxf6+ Bxf6 22. Bxf6 Nxf4 23. Qxf4 {1-0 Kunz,A (2205)-Manon Og,R (1950) Titled Tue 13th Feb Early 2024 (5)}) 9. Qe2 b5 10. Rd1 e6 $146 ({RR} 10... Nbd7 11. Bf4 b4 12. Na4 Ba6 13. Qc2 Bb5 14. Nd2 Nb6 15. Nxb6 Qxb6 16. Nxc4 Qa6 17. Rac1 Rfd8 18. a4 bxa3 19. Nxa3 Rac8 20. h4 Be2 21. Rd2 Bg4 22. Qc4 Qb7 23. Qc5 Qb4 24. Qxb4 axb4 25. Nc4 {1-0 Mamedyarov,S (2747)-Rapport,R (2754) Aimchess Rapid KO 2022 (2.14)}) ({RR} 10... Qb6 11. Ne5 Nfd7 12. Be3 Nxe5 13. dxe5 Qc7 14. f4 Na6 15. a4 b4 16. Nb1 Be6 17. Nd2 c3 18. bxc3 bxc3 19. Nb1 Nb4 20. Nxc3 Rfd8 21. Bf1 Bb3 22. Rxd8+ Rxd8 23. Rb1 Bc2 24. Rc1 Bd3 25. Qf2 {1-0 Fressinet,L (2652)-Drygalov,S (2547) Julius Baer Play-In 2023 (3.21)}) ({RR} 10... b4 11. Na4 Ba6 12. Ne5 c3 13. Qc2 cxb2 14. Bxb2 Nfd7 15. Ng4 Bb5 16. Nc5 a4 17. d5 Nf6 18. dxc6 Qc7 19. Be5 Qxc6 20. Bxf6 b3 21. Qc3 exf6 22. e5 fxe5 23. Bxc6 Nxc6 24. axb3 Nd4 25. Qb2 {1-0 Matlakov,M (2674)-Kramnik,V (2753) AI Cup Div 3 L 2023 (2.2)}) 11. e5 Nd5 12. Ne4 Nd7 13. h4 c5 14. Nxc5 Nxc5 15. dxc5 Qc7 16. h5 Qxc5 17. Ng5 Ra6 18. h6 Bh8 19. Ne4 Qc7 20. Nd6 Bd7 21. Bxd5 exd5 22. Rxd5 Be6 23. Rxb5 f6 24. Rb7 Qc6 25. Bf4 Qc5 26. Qe4 f5 27. Qe2 Bd5 28. Rb5 Qc6 29. Rc1 Ra7 30. Kh2 Re7 31. Qd2 Be6 32. Rxa5 Rd7 33. Qe3 Qc7 34. Ra6 Re7 35. b3 1-0

[Event "45th Olympiad 2024"]
[Site "Budapest HUN"]
[Date "2024.09.22"]
[Round "11.10"]
[Board "1"]
[White "Deac, Bogdan-Daniel"]
[Black "Macovei, Andrei"]
[Result "1-0"]
[WhiteElo "2680"]
[BlackElo "2464"]
[PlyCount "133"]
[EventDate "2024.09.11"]
[WhiteTeam "Romania"]
[BlackTeam "Moldova"]
[WhiteTeamCountry "ROU"]
[BlackTeamCountry "MDA"]

1. Nf3 {Postny,Evgeny} Nf6 2. d4 e6 3. c4 Bb4+ 4. Nbd2 b6 5. e3 O-O 6. Bd3 ({RR} 6. a3 Be7 7. Bd3 d6 8. O-O Nbd7 9. b3 e5 10. Bb2 Bb7 11. Qc2 exd4 12. exd4 Re8 13. d5 c6 14. dxc6 Bxc6 15. Nd4 Bb7 16. Rfe1 Bf8 17. Rxe8 Qxe8 18. N2f3 Ne5 19. Nxe5 dxe5 20. Re1 e4 {1-0 Ticona Rocabado,L (2371)-Gemy,J (2316) Sampa Chess Open 2024 (9.5)}) 6... d5 ({RR} 6... c5 7. a3 Bxd2+ 8. Bxd2 Bb7 9. dxc5 bxc5 10. Bc3 d6 11. Qc2 Nbd7 12. O-O-O ({RR} 12. Rd1 Qe7 13. O-O a5 14. e4 e5 15. Nh4 g6 16. g3 Nb8 17. f4 Nc6) 12... Qe7 ({RR} 12... h6 13. h4) 13. Ng5 h6 14. h4 Ne5 ({RR} 14... Bxg2 15. Rhg1 Bc6) ({RR} 14... hxg5 15. hxg5) ({RR} 14... Rfd8 15. f4 d5) 15. Bh7+ Kh8 16. f4 Neg4 ({RR} 16... Nxc4 17. Bxf6 gxf6 18. Qxc4 fxg5 19. hxg5 Kxh7 20. Rxh6+ Kg7 21. Qc3+ e5 22. Rdxd6 Rh8 23. Rd7 Qxd7 24. Qxe5+) ({RR} 16... Ned7) 17. Rh3 h5 ({RR} 17... e5 18. Bf5 Bc8 19. Bxc8 Raxc8 20. Rg3 h5 21. Rxg4 hxg4 22. Rxd6 Qxd6 23. Bxe5 Qe7 24. Bxf6 Qxe3+ 25. Kb1 Qe1+ 26. Ka2 Qxh4 27. Nxf7+ Rxf7 28. Bxh4) ({RR} 17... Rad8 18. Bd3 Bc8 19. Rg3 ({RR} 19. Rf1 e5 20. Be2 e4 21. f5 d5 22. cxd5 Rxd5 23. Bxg4 Nxg4 24. Qxe4 Qxe4 25. Nxe4 f6) 19... e5 20. Be2 ({RR} 20. f5 d5) 20... Nf2 21. Rf1 hxg5 22. Rxf2 ({RR} 22. hxg5 N6e4) 22... g4 23. f5 Bb7 24. Bd3 d5) 18. Rg3 Rae8 19. Bd3 e5 20. Be2 ({RR} 20. Bf5) 20... Nf2 ({RR} 20... exf4 21. Bxg4 Ne4 ({RR} 21... fxg3 22. Bxf6 Qxe3+ 23. Kb1 Be4 24. Nxe4 Qxe4 25. Qxe4 Rxe4 26. Bf3 Rxc4 27. Be7 Re8 28. Bxd6 Rxh4 29. Bxg3) 22. exf4 ({RR} 22. Be6 fxg3 23. Qe2 Nxg5 24. Qxh5+ Nh7 25. Bf5 Qxe3+ 26. Rd2 Qg1+ 27. Rd1 Qe3+) 22... hxg4 23. h5 f6 24. h6 Qd7) 21. Rf1 {1-0 Kramnik,V (2760)-Morozevich,A (2724) Moscow Petrosian Memorial 2014 (6)}) ({RR} 6... Bb7 7. O-O d5 8. a3 Bd6 9. b4 dxc4 10. Nxc4 Nbd7 11. Bb2 Ne4 12. Qe2 f5 13. Nfe5 Bxe5 14. dxe5 Qe7 15. Rac1 Rfd8 16. f3 Ng5 17. Rfd1) 7. O-O Be7 8. b3 $146 ({RR} 8. e4 dxc4 9. Nxc4 Bb7 10. Qe2 c5 11. dxc5 bxc5 12. Rd1 g6 13. Bh6 Nc6 14. Bxf8 Qxf8 15. Rac1 Qh6 16. e5 Ne8 17. Be4 Rb8 18. Rc3 Nb4 19. Bxb7 Rxb7 20. Nd6 Bxd6 21. exd6 Nd5 22. Rxd5 {1-0 De Sousa,M (2120)-Bortoloso,M (2079) BRA-ch Amateur U2200 2017 (3)}) 8... Bb7 9. Bb2 Nbd7 10. Qc2 c5 11. cxd5 exd5 12. Rac1 h6 13. Ne5 Rc8 14. Qb1 Bd6 15. Bf5 Re8 16. Qa1 Bf8 17. Nxd7 Nxd7 18. Rfd1 Rc7 19. Bg4 cxd4 20. Bxd4 Rxc1 21. Rxc1 Nc5 22. Rd1 Ba6 23. Nf1 Ne4 24. Ng3 Qg5 25. Bf3 g6 26. Qb1 Bb7 27. Ba1 Bg7 28. Bxg7 Kxg7 29. Bxe4 dxe4 30. Rd7 Re7 31. Rxe7 Qxe7 32. h3 Qe5 33. Ne2 Bc8 34. Nd4 Bd7 35. Qb2 Kg8 36. b4 Qg5 37. Kh1 Qh5 38. Qc2 Qe5 39. Qc4 a5 40. Qa6 axb4 41. Qxb6 Be6 42. Qd8+ Kg7 43. Qe7 Qf6 44. Qxb4 Bxa2 45. Kg1 Qe5 46. Qb2 Bc4 47. Qc3 Bd3 48. Nf5+ Kf6 49. Qxe5+ Kxe5 50. Nxh6 f5 51. Nf7+ Kf6 52. Nd8 g5 53. Nc6 f4 54. g3 Bb5 55. Nd4 Bd7 56. Kh2 Ke5 57. Ne2 fxe3 58. fxe3 Bb5 59. Nc3 Bc6 60. g4 Kd6 61. Kg3 Kc5 62. Ne2 Kc4 63. Nd4 Bd7 64. Nf5 Kd5 65. h4 Bxf5 66. gxf5 Ke5 67. hxg5 1-0

[Event "45th Olympiad 2024"]
[Site "Budapest HUN"]
[Date "2024.09.22"]
[Round "11.10"]
[Board "2"]
[White "Lashkin, Jegor"]
[Black "Shevchenko, Kirill"]
[Result "1-0"]
[WhiteElo "2472"]
[BlackElo "2673"]
[PlyCount "213"]
[EventDate "2024.09.11"]
[WhiteTeam "Moldova"]
[BlackTeam "Romania"]
[WhiteTeamCountry "MDA"]
[BlackTeamCountry "ROU"]

1. d4 Nf6 2. c4 g6 3. Nc3 Bg7 4. e4 d6 5. Nf3 O-O 6. Be2 e5 7. O-O exd4 8. Nxd4 Re8 9. f3 c6 10. Kh1 Nbd7 11. Nc2 Nb6 12. Bg5 h6 13. Bh4 Be6 ({RR} 13... g5 14. Bg3 d5 15. exd5 cxd5 16. c5 Nc4 17. Bxc4 dxc4 18. Nb5 Nd5 19. Nd6 Ne3 20. Nxe3 Rxe3 21. Nxc4 Rd3 22. Qe2 Be6 23. Nd6 Rd5 24. Rac1 Qd7 25. b4 a6 26. Qc2 h5 27. Be1 Rd8 28. Bc3 {1-0 Stokke,K (2307)-Gutsulyak,N (1786) Rooky Int Open 2023 (3.5)}) 14. b3 g5 15. Bf2 Nh5 16. Bd4 $146 ({RR} 16. Nd4 Nf4 17. Rc1 Qf6 18. Bd3 Nxd3 19. Qxd3 Nd7 20. Nxe6 Ne5 21. Qd2 fxe6 22. Ne2 Nf7 23. Bd4 Qg6 24. Bxg7 Kxg7 25. Ng3 Rf8 26. Rf2 h5 27. f4 h4 28. f5 Qh7 29. Nf1 exf5 30. exf5 Rae8 {½-½ Moskalenko,V (2430)-Buturin,V (2200) UKR-ch Kiev 1986 (10)}) 16... Nf4 17. Bxg7 Kxg7 18. Nd4 Qf6 19. Qd2 Rad8 20. Rae1 Nd7 21. Bd1 Nc5 22. Re3 Ng6 23. g3 d5 24. cxd5 cxd5 25. exd5 Ne7 26. b4 Bxd5 27. bxc5 Bc4 28. Rfe1 Rxd4 29. Qf2 Red8 30. Ne4 Qg6 31. Nd6 Nc6 32. Bc2 Bd3 33. Rxd3 Rxd3 34. Re3 R3xd6 35. Bxg6 Rxg6 36. Qb2+ Rf6 37. Qc3 Rd5 38. Kg2 b6 39. cxb6 axb6 40. Re8 Rdd6 41. Re4 Kg8 42. Qb2 Na5 43. h4 gxh4 44. Rxh4 Nb7 45. Rg4+ Kf8 46. Qc2 Nc5 47. a4 Rd5 48. Qh7 Ke7 49. Rg8 Rd8 50. Rxd8 Kxd8 51. Qh8+ Ke7 52. Qc8 Nd7 53. g4 Rg6 54. Kf2 Rf6 55. Kg3 Rd6 56. Qc3 Rg6 57. Qb4+ Ke8 58. Kf2 Kd8 59. Ke3 Re6+ 60. Kf4 Rf6+ 61. Kg3 Rg6 62. Kh4 f5 63. Qb1 Rf6 64. g5 hxg5+ 65. Kxg5 Rc6 66. Kxf5 Rf6+ 67. Kg4 Kc7 68. f4 Rc6 69. Kg5 Rd6 70. Qb4 Rc6 71. f5 Kc8 72. Qf4 Kd8 73. Qd4 Kc7 74. Kf4 Kc8 75. Qd5 Kc7 76. Ke3 Rc5 77. Qd3 Rc6 78. Qa6 Rd6 79. Qa7+ Kc8 80. Qa8+ Kc7 81. Ke4 Nc5+ 82. Ke3 Nd7 83. Qa6 Rf6 84. Qc4+ Kd8 85. Kf4 Rd6 86. Kg5 Nf6 87. Qb4 Ne8 88. Qe4 Nf6 89. Qb4 Ne8 90. Qe1 Rc6 91. Qe4 Kd7 92. Qd5+ Rd6 93. Qb7+ Kd8 94. Qb8+ Ke7 95. Qa7+ Kf8 96. Kf4 Rc6 97. Ke5 Rd6 98. Qb7 Rf6 99. Qd7 Rh6 100. Qb5 Ke7 101. Qb4+ Kd7 102. Qg4 Rf6 103. Qh3 Rf7 104. f6+ Kd8 105. Qd3+ Rd7 106. Qb3 Kc7 107. f7 1-0

[Event "45th Olympiad 2024"]
[Site "Budapest HUN"]
[Date "2024.09.22"]
[Round "11.10"]
[Board "3"]
[White "Lupulescu, Constantin"]
[Black "Bologan, Victor"]
[Result "1/2-1/2"]
[WhiteElo "2590"]
[BlackElo "2598"]
[PlyCount "112"]
[EventDate "2024.09.11"]
[WhiteTeam "Romania"]
[BlackTeam "Moldova"]
[WhiteTeamCountry "ROU"]
[BlackTeamCountry "MDA"]

1. d4 d6 2. Nf3 Nf6 3. c4 g6 4. Nc3 Bg7 5. e4 Bg4 6. Be2 Bxf3 7. Bxf3 e5 8. d5 h5 9. h4 Nbd7 10. Bg5 Bh6 11. Bxh6 Rxh6 12. Qd2 Rh8 13. O-O-O a5 ({RR} 13... Kf8 14. Rdg1 a6 15. g4 hxg4 16. Bxg4 Nxg4 17. Rxg4 Nf6 18. Rgg1 Nh5 19. Ne2 Qf6 20. Qe3 Nf4 21. Nxf4 exf4 22. Qf3 Rxh4 23. Rxh4 Qxh4 24. Rg4 Qh6 25. Rxf4 Re8 26. Kc2 Re7 27. c5 Qg5 28. Qh3 {0-1 Galvez Dastin,E (2100)-Seeman,T (2375) 45th Olympiad 2024 (3.39)}) 14. g3 $146 ({RR} 14. Kb1 Nc5 15. Qe3 Kf8 16. g3 Kg7 17. Bg2 Qe7 18. Bh3 a4 19. a3 b6 20. f3 Rhb8 21. Rdg1 Rh8 22. Na2 Nb3 23. Nb4 Nd4 24. Bf1 Nd7 25. Ka2 Nc5 26. f4 Ncb3 27. Bd3 Rae8 28. Rh2 Nc5 {1-0 Ter Sahakyan,S (2617)-Kobo,O (2559) Titled Tue 2nd May Late 2023 (7)}) 14... Kf8 15. Bg2 Kg7 16. Kb1 Re8 17. Rdf1 Qb8 18. Bh3 Nc5 19. Qe2 Re7 20. Rc1 Qa7 21. f3 a4 22. Nb5 Qa5 23. Rhd1 Ne8 24. Qd2 Qxd2 25. Rxd2 Kh6 26. Rc3 Ng7 27. b4 axb3 28. axb3 Na6 29. Ra2 Rf8 30. Ra4 f5 31. b4 g5 32. hxg5+ Kxg5 33. c5 h4 34. gxh4+ Kxh4 35. Bxf5 Nxf5 36. exf5 e4 37. cxd6 cxd6 38. fxe4 Rxe4 39. Nxd6 Rg4 40. Rc4 Rxc4 41. Nxc4 Kg5 42. Nd6 Nc7 43. Kb2 Nxd5 44. Kb3 b6 45. Ra1 Kf4 46. Rd1 Ke5 47. Nc4+ Ke4 48. Nd6+ Ke5 49. Nc4+ Ke4 50. Re1+ Kd4 51. Nd6 Ne3 52. Rc1 Kd5 53. Nc8 Rf6 54. Ne7+ Kd6 55. Re1 Nxf5 56. Nxf5+ Rxf5 1/2-1/2

[Event "45th Olympiad 2024"]
[Site "Budapest HUN"]
[Date "2024.09.22"]
[Round "11.10"]
[Board "4"]
[White "Iordachescu, Viorel"]
[Black "Parligras, Mircea-Emilian"]
[Result "1/2-1/2"]
[WhiteElo "2572"]
[BlackElo "2537"]
[PlyCount "97"]
[EventDate "2024.09.11"]
[WhiteTeam "Moldova"]
[BlackTeam "Romania"]
[WhiteTeamCountry "MDA"]
[BlackTeamCountry "ROU"]

1. Nf3 d5 2. g3 Bg4 3. Bg2 e6 4. O-O Nf6 5. Ne5 ({RR} 5. h3 Bxf3 6. Bxf3 Nbd7 7. d3 Bc5 8. Nd2 O-O 9. Bg2 a5 10. c4 c6 11. e3 a4 12. d4 Bd6 13. Qc2 Re8 14. Rd1 Qc7 15. Rb1 b5 16. cxb5 cxb5 17. Qxc7 Bxc7 18. e4 dxe4 19. Nxe4 Rab8 {1-0 Kramnik,V (2812)-So,W (2770) Leuven GCT blitz 2016 (1)}) ({RR} 5. h3 Bh5 6. c4 c6 7. d4 Nbd7 8. cxd5 exd5 9. Ne5 Nxe5 10. dxe5 Ne4 11. Nd2 f5 12. exf6 Nxf6 13. Qb3 Qb6 14. e4 Qxb3 15. axb3 dxe4 16. g4 Bg6 17. Ra4 {½-½ Aradhya,G (2412)-Aziz,H (2326) 30th Abu Dhabi Masters 2024 (6.59)}) 5... Bf5 $146 ({RR} 5... Bh5 6. c4 c6 7. cxd5 exd5 8. d4 Nbd7 9. Nd3 Be7 10. Nc3 Bg6 11. Nf4 Nf8 12. Re1 Ne6 13. Nxg6 hxg6 14. Qd3 Qb6 15. e3 O-O 16. Bd2 a5 17. Rab1 Rfd8 18. Rec1 Qa7 19. h3 g5 20. f4 {0-1 Zurano Lopez,P (2292)-Narciso Dublan,M (2517) ESP-ch 84th Marbella 2019 (5)}) ({RR} 5... Bh5 6. b3 Nbd7 7. Bb2 Be7 8. c4 O-O 9. d3 c6 10. Nd2 a5 11. a3 Nxe5 12. Bxe5 Nd7 13. Bc3 Bf6 14. Rc1 Bxc3 15. Rxc3 Qe7 16. b4 axb4 17. axb4 Ra2 18. c5 Rfa8 19. Bf3 Qf6 20. Rb3 {0-1 Dolzhikova,K (2161)-Aloma Vidal,R (2437) Titled Tuesday intern op 16th Nov blitz 2021 (9)}) ({RR} 5... Bh5 6. c4 Nbd7 7. Nxd7 Qxd7 8. Qb3 Bxe2 9. cxd5 Bxf1 10. dxe6 fxe6 11. Bxf1 c6 12. d4 Bd6 13. Nd2 O-O 14. Nc4 Nd5 15. Bd2 Rab8 16. Re1 Bc7 17. Bh3 Rfe8 18. Qf3 Qf7 19. Qe4 Kh8 20. Bxe6 {½-½ Dounis,A (2250)-Bluebaum,M (2664) Titled Tuesday intern op 23rd Aug Early blitz 2022 (8)}) 6. c4 Nbd7 7. d4 c6 8. Nc3 Be7 9. Qb3 Qb6 10. Nxd7 Nxd7 11. e4 dxe4 12. Nxe4 O-O 13. Be3 Qxb3 14. axb3 Rfd8 15. Rfd1 Nf6 16. Nxf6+ Bxf6 17. Rd2 a6 18. h3 h5 19. Bf3 Bxh3 20. Bxh5 Rd7 21. Bf3 Bf5 22. g4 Bg6 23. Rad1 Rad8 24. d5 cxd5 25. cxd5 exd5 26. Bxd5 Bc2 27. Bxf7+ Rxf7 28. Rxd8+ Bxd8 29. Rxd8+ Rf8 30. Rd2 Bxb3 31. Kg2 Ba4 32. Kg3 Re8 33. Rd6 Kf7 34. Bd4 Re7 35. Rd5 Rd7 36. Rf5+ Kg6 37. Bc3 Rd1 38. Kf4 Rd7 39. Re5 Bc6 40. Kg3 Rd5 41. Re3 Rd1 42. Re7 Rd7 43. Re6+ Kf7 44. Re3 g5 45. Bb4 Rd4 46. Bc5 Rd5 47. Rc3 a5 48. Be3 a4 49. Rc5 1/2-1/2

[Event "45th Olympiad 2024"]
[Site "Budapest HUN"]
[Date "2024.09.22"]
[Round "11.11"]
[Board "1"]
[White "Makhnev, Denis"]
[Black "Yilmaz, Mustafa"]
[Result "1/2-1/2"]
[WhiteElo "2551"]
[BlackElo "2587"]
[PlyCount "138"]
[EventDate "2024.09.11"]
[WhiteTeam "Kazakhstan"]
[BlackTeam "Turkiye"]
[WhiteTeamCountry "KAZ"]

1. d4 Nf6 2. c4 e6 3. Nf3 d5 4. Nc3 Bb4 5. Bg5 h6 6. Bxf6 Qxf6 7. e3 O-O 8. Rc1 dxc4 9. Bxc4 c5 10. O-O cxd4 11. Ne4 Qe7 12. a3 Ba5 13. exd4 Rd8 14. Rc2 Nd7 15. Qe2 ({RR} 15. b4 Bb6 16. Re1 Nf6 17. Nc5 a5 18. Rce2 Nd5 19. Qb3 Qf6 20. Ne5 axb4 21. axb4 Bc7 22. g3 Qe7 23. Nxf7 Qxf7 24. Nxe6 Bxe6 25. Rxe6 Ra1 26. Re8+ Rxe8 27. Rxa1 Kh8 28. Bxd5 Qf6 29. Bxb7 Qxd4 {1-0 Sahakyan,A (2288)-Rostomyan,M (2294) Andranik Margaryan Mem IM 2024 (8.4)}) 15... Nf6 16. Nc5 Bc7 17. Bb5 $146 ({RR} 17. Rfc1 Bf4 18. Re1 Rb8 19. b4 b6 20. Nd3 Bd6 21. Nde5 {½-½ Gupta,A (2620)-Yilmaz,M (2629) Reykjavik Open 2023 (6.1)}) 17... Rb8 18. Rfc1 Bf4 19. Re1 Bc7 20. g3 Bb6 21. b4 a5 22. Kg2 axb4 23. axb4 Bc7 24. Rb1 Nd5 25. Bd3 Bd6 26. b5 b6 27. Na6 Ra8 28. Ne5 Bxe5 29. dxe5 Bb7 30. Kg1 Rd7 31. Be4 Qg5 32. h4 Qe7 33. Rbc1 Rad8 34. Qf3 g6 35. Rc4 Kg7 36. Kh2 Ra8 37. Ra1 Rad8 38. Rac1 Ra8 39. Ra1 Rad8 40. Kg1 Ra8 41. Qb3 Rad8 42. Bg2 Ra8 43. Qb2 Qd8 44. Qe2 Rc8 45. Rac1 Rxc4 46. Qxc4 Qf8 47. Qb3 Qa8 48. Kh2 Qd8 49. Qf3 Qf8 50. Rc4 Qd8 51. h5 g5 52. Rd4 Qe7 53. Qd3 Rd8 54. Qd2 Rc8 55. Be4 Qa3 56. Nb4 Qb3 57. Nxd5 Bxd5 58. Bxd5 exd5 59. Kg2 Rc2 60. Qe1 Qxb5 61. e6 Qe2 62. Qxe2 Rxe2 63. exf7 Kxf7 64. Rxd5 Re6 65. Rd7+ Re7 66. Rd6 Re6 67. Rd7+ Re7 68. Rd6 Re6 69. Rd7+ Re7 1/2-1/2

[Event "45th Olympiad 2024"]
[Site "Budapest HUN"]
[Date "2024.09.22"]
[Round "11.11"]
[Board "2"]
[White "Gurel, Ediz"]
[Black "Nogerbek, Kazybek"]
[Result "1/2-1/2"]
[WhiteElo "2602"]
[BlackElo "2519"]
[PlyCount "149"]
[EventDate "2024.09.11"]
[WhiteTeam "Turkiye"]
[BlackTeam "Kazakhstan"]
[BlackTeamCountry "KAZ"]

1. e4 e5 2. Nf3 Nc6 3. Bc4 Nf6 4. d4 exd4 5. e5 Ne4 6. Qe2 Nc5 7. c3 d3 8. Qe3 Be7 9. O-O d6 10. exd6 cxd6 ({RR} 10... Qxd6 11. b4 Nd7 12. Re1 Nb6 13. Bxd3 Be6 14. b5 O-O-O 15. Bf1 Na5 16. Ba3 Qd7 17. Ne5 Qe8 18. Nxf7 Qxf7 19. Qxe6+ Qxe6 20. Rxe6 Bf6 21. Bb4 Nac4 22. Na3 Nd2 23. Rc1 Nd5 24. Nc4 Nf4 25. Re3 {1-0 Nandhidhaa,P (2344)-Wartiovaara,O (2317) VIII ShakkiNet GM 2024 (6.8)}) 11. b4 d5 12. Bb5 Ne4 $146 ({RR} 12... Ne6 13. Qxd3 O-O 14. Be3 Bf6 15. Nbd2 d4 16. cxd4 Nexd4 17. Nxd4 Nxd4 18. Ne4 Nxb5 19. Nxf6+ Qxf6 20. Qxb5 Qf5 21. Qe2 Be6 22. Rac1 b6 23. h3 Rac8 24. a3 Qe4 25. Rfd1 Rxc1 26. Rxc1 Rc8 27. Rxc8+ {½-½ Ileana,G (2344)-Stefan,M (2077) ROM-ch U20 Mamaia 2021 (7)}) 13. Bxd3 O-O 14. Bxe4 dxe4 15. Qxe4 Bf6 16. b5 Re8 17. Qa4 Qa5 18. Qxa5 Nxa5 19. Be3 Bg4 20. Bd4 Bxf3 21. gxf3 Bxd4 22. cxd4 Red8 23. Rd1 Rac8 24. Nd2 Rxd4 25. Ne4 Rcd8 26. Rxd4 Rxd4 27. Rc1 Rd8 28. Rc7 h6 29. Kg2 Rd5 30. a4 Rd4 31. Rc8+ Kh7 32. Ra8 a6 33. bxa6 bxa6 34. Rxa6 Rxa4 35. Nd6 Ra3 36. Nb5 Ra1 37. f4 Ra4 38. Kg3 g5 39. Nd6 gxf4+ 40. Kg4 f3+ 41. Kg3 Ra1 42. Nf5 Rg1+ 43. Kxf3 Nc4 44. Rxh6+ Kg8 45. Kf4 Ra1 46. Rc6 Ra4 47. Kg3 Ra3+ 48. Kg2 Ne5 49. Rc7 Ng6 50. Rc4 Ra5 51. Ng3 Kg7 52. h4 Kh6 53. Kh3 Ra2 54. f4 Kg7 55. Kg4 Ne7 56. Rc5 Ra4 57. h5 Kh6 58. Rb5 Kg7 59. Kg5 Ra3 60. Kg4 Ra4 61. Kg5 Ra3 62. Ne4 Ng8 63. Rb6 Ra5+ 64. f5 Ra4 65. f6+ Kh7 66. Nc5 Rd4 67. Ne6 Rd5+ 68. Kh4 Kh6 69. Nf4 Rf5 70. Kg4 Rxf6 71. Rxf6+ Nxf6+ 72. Kf5 Nxh5 73. Nxh5 Kxh5 74. Kf6 Kh6 75. Kxf7 1/2-1/2

[Event "45th Olympiad 2024"]
[Site "Budapest HUN"]
[Date "2024.09.22"]
[Round "11.11"]
[Board "3"]
[White "Suleymenov, Alisher"]
[Black "Erdogmus, Yagiz Kaan"]
[Result "1/2-1/2"]
[WhiteElo "2484"]
[BlackElo "2592"]
[PlyCount "66"]
[EventDate "2024.09.11"]
[WhiteTeam "Kazakhstan"]
[BlackTeam "Turkiye"]
[WhiteTeamCountry "KAZ"]

1. e4 {Sagar,Shah} e5 2. Nf3 Nc6 3. Bb5 a6 4. Ba4 Nf6 5. O-O Be7 6. d3 b5 7. Bb3 d6 ({RR} 7... O-O) 8. a4 Bd7 9. c3 O-O 10. Ba2 ({RR} 10. Bc2 b4 11. Re1 Re8 12. Nbd2 Bf8 ({RR} 12... Na5 13. d4 ({RR} 13. cxb4 Nc6) 13... Bf8 14. h3 h6 15. Bd3 bxc3 16. bxc3 c5 17. d5 Qc7 18. Nc4 Nxc4 19. Bxc4 Reb8 20. Nd2) ({RR} 12... Rb8 13. Nf1 Bf8 14. Bg5 h6 15. Bh4 Be7 16. h3 Nh7 17. Bg3 Ng5 18. N1d2 Bf6 19. a5 bxc3 20. bxc3 Na7) 13. a5 g6 14. Bb3 ({RR} 14. d4 bxc3 15. bxc3 exd4 16. cxd4 Bg7) 14... Be6 15. Ba4 Bd7 16. Nf1 ({RR} 16. Bxc6 Bxc6 17. cxb4 Rb8 18. Qb3 d5 19. exd5 Qxd5 20. Qxd5 Nxd5 21. Nxe5 f6 22. Nef3 Nxb4) 16... h6 17. Ng3 ({RR} 17. Ne3) 17... bxc3 18. bxc3 Bg7 19. h3 ({RR} 19. d4 exd4 20. cxd4 Rb8 21. Bd2 Nb4 22. Bb3 c5 23. Bf4 Bb5 24. dxc5 dxc5 25. Bxb8 Qxb8 26. e5 Ng4 27. e6 f5) 19... d5 ({RR} 19... Rb8) 20. exd5 Nxd5 21. Ne4 Nb8 ({RR} 21... f5 22. Nc5 Nxc3 23. Qb3+ Kh7 24. Qxc3 e4 25. Qd2 exf3 26. Bb2) ({RR} 21... Nce7 22. Bb3) 22. Bb3 ({RR} 22. Qb3 Bxa4 23. Rxa4 Nf6 24. Nxf6+ Qxf6 25. Rc4) 22... Be6 23. Bd2 ({RR} 23. Nc5 Nxc3 24. Nxe6 Rxe6 ({RR} 24... Nxd1 25. Nxd8 Rxd8 26. Nxe5) 25. Qc2 Nd5 ({RR} 25... Rc6 26. Nxe5 Bxe5 27. Rxe5 Qd4 28. Re8+ Kh7 29. Bb2) 26. d4 exd4 27. Rxe6 fxe6 28. Qxg6) ({RR} 23. Bb2 Nd7) ({RR} 23. Ra3 Nd7 24. d4) 23... Nd7 24. Ba4 ({RR} 24. Qc2 f5 25. Qa2) 24... f5 {½-½ Caruana,F (2794)-Svidler,P (2757) Candidates Tournament 2016 (13)} {RR} 25. Bxd7 Bxd7 26. Nc5 Bc6) 10... b4 11. h3 Rb8 12. Re1 $146 ({RR} 12. Nbd2 Be6 13. Nc4 Nd7 14. Be3 Bf6 15. Re1 Re8 16. a5 Nf8 17. Bb3 Ng6 18. Ba4 Bd7 19. g3 Nce7 20. Bxd7 Qxd7 21. Kg2 d5 22. Ncd2 h6 23. Bc5 bxc3 24. bxc3 Nc6 25. Qa4 Rb5 26. exd5 Rxc5 {½-½ Fressinet,L (2637)-Sargissian,G (2671) Chessable Masters Div 3 L 2024 (1.1)}) 12... Na5 13. Nbd2 c5 14. Nc4 Nxc4 15. Bxc4 a5 16. d4 bxc3 17. bxc3 cxd4 18. cxd4 Qc7 19. Ba2 exd4 20. Nxd4 Rfe8 21. Qd3 d5 22. exd5 Bb4 23. Bd2 Bxa4 24. Rec1 Qd7 25. Bf4 Rbc8 26. Rxc8 Rxc8 27. Bc4 Ne4 28. Be5 Nd6 29. Bxd6 Bxd6 30. Nf5 Bf8 31. d6 g6 32. Ne3 Bc6 33. Rxa5 Qxd6 1/2-1/2

[Event "45th Olympiad 2024"]
[Site "Budapest HUN"]
[Date "2024.09.22"]
[Round "11.11"]
[Board "4"]
[White "Can, Emre"]
[Black "Zhalmakhanov, Ramazan"]
[Result "1-0"]
[WhiteElo "2547"]
[BlackElo "2497"]
[PlyCount "99"]
[EventDate "2024.09.11"]
[WhiteTeam "Turkiye"]
[BlackTeam "Kazakhstan"]
[BlackTeamCountry "KAZ"]

1. d4 Nf6 2. c4 e6 3. Nf3 h6 4. g3 Bb4+ 5. Bd2 Be7 6. Bg2 O-O 7. O-O d5 8. Qc2 c6 9. Rd1 a5 10. Bf4 Nbd7 11. Nc3 Nh5 $146 ({RR} 11... dxc4 12. Nd2 Nb6 13. e4 a4 14. a3 Bd7 15. Re1 Re8 16. Rad1 Qc8 17. Nf3 c5 18. d5 exd5 19. exd5 Bf5 20. Qc1 Bf8 21. Ne5 Ng4 22. d6 Nxe5 23. Bxe5 Bd3 24. Nb5 Qf5 25. Qf4 Qxf4 26. Bxf4 {0-1 Samadov,R (2482)-Yu Yangyi (2735) Aimchess Rapid Div 3 W 2023 (2.1)}) ({RR} 11... b6 12. Ne5 Nxe5 13. dxe5 Nd7 14. cxd5 cxd5 15. e4 d4 16. Rxd4 g5 17. Be3 Bc5 18. Qe2 Qe8 19. Rd2 Ba6 20. Qd1 Nxe5 21. Bxc5 bxc5 22. f4 Nc4 23. Rf2 Ne3 24. Qf3 Nxg2 25. fxg5 hxg5 26. e5 {1-0 Stremavicius,T (2527)-Keymer,V (2730) 45th Olympiad 2024 (3.7)}) ({RR} 11... dxc4 12. a4 Nd5 13. Bd2 b6 14. Rac1 Ba6 15. h4 Rc8 16. Nh2 N7f6 17. Qb1 c5 18. dxc5 Bxc5 19. Nxd5 Nxd5 20. Be4 c3 21. bxc3 Bxe2 22. Re1 Bc4 23. Rcd1 Qc7 24. Kg2 Rcd8 25. h5 Rd7 26. Qc1 {0-1 Levchenko,L (2193)-Lobanov,S (2516) Ugra Cup Rapid 2023 (8.11)}) ({RR} 11... dxc4 12. e4 Nb6 13. Ne5 Qe8 14. Be3 Nfd7 15. f4 Nxe5 16. dxe5 Nd7 17. Ne2 b5 18. b3 Ba6 19. bxc4 bxc4 20. Qd2 Nc5 21. Qxa5 c3 22. Nxc3 Be2 23. Qb6 Ra6 24. Qb2 Bxd1 25. Rxd1 Na4 26. Nxa4 {0-1 Morrison,G (2221)-Dardha,D (2575) 24th European Teams 2023 (2.19)}) 12. Bc1 f5 13. b3 Nhf6 14. Nh4 Qe8 15. cxd5 cxd5 16. Nb5 Qf7 17. Nc7 Ra7 18. Nf3 Ne4 19. Be3 b6 20. Nb5 Rb7 21. Bf4 g5 22. Bc7 g4 23. Ne1 Ndf6 24. Bf4 Bd7 25. Qd3 Bb4 26. a4 Bxb5 27. axb5 Rc8 28. Rdc1 Rxc1 29. Rxc1 h5 30. f3 Nd6 31. Qe3 Nxb5 32. Nd3 Bf8 33. Rc6 Qe8 34. Rxe6 Re7 35. Re5 gxf3 36. exf3 Nd7 37. Rxe7 Qxe7 38. Bh3 Qf6 39. Ne5 Nxe5 40. Bxe5 Qh6 41. Qxh6 Bxh6 42. Kf2 Nc3 43. Bc7 a4 44. bxa4 Nxa4 45. Bxf5 Kf7 46. Bd7 Nb2 47. Bxb6 Nc4 48. Bc5 Kf6 49. h4 Na5 50. Be8 1-0